A gestão em tempo de mudança : uma revolução nos métodos de gerir a empresa (Registo nº 200727)
[ vista simples ]
| 000 -Etiqueta do registo | |
|---|---|
| Valores | 00745nam 22002293 4500 |
| 010 ## - Número ISBN | |
| ISBN | 972-23-1263-4 |
| 021 ## - Número do Depósito Legal | |
| Código do país | Portugal |
| Número | 35301/90 |
| 100 ## - Dados gerais de processamento | |
| Dados gerais | 20260225d u||y0pory50 ba |
| 200 ## - Titulo e menção de responsabilidade | |
| Título próprio | A gestão em tempo de mudança : uma revolução nos métodos de gerir a empresa |
| Primeira menção de responsabilidade | Tom Peters |
| Outras menções de responsabilidade | tradução de Pedro Luís Viegas |
| 205 ## - Menção da edição | |
| Edição | 1ª |
| 210 ## - Publicação | |
| Local de publicação | Lisboa |
| Nome do editor | Presença |
| Data de publicação | 1990 |
| 215 ## - Descrição física | |
| Paginação / Volumes | 694 p. |
| Outras indicações físicas | brochado |
| Dimensões | 21 cm |
| 225 ## - Colecção | |
| Título próprio da colecção | Biblioteca de gestão moderna |
| Número de parte ou secção | 40 |
| 606 ## - Nome comum usado como assunto | |
| ID Autoridade | 15014 |
| Palavra de ordem | Gestão, administração de empresas. Organização |
| 675 ## - CDU | |
| Notação | 658 |
| Edição | PT |
| Língua | por |
| 700 ## - Autor principal (pessoa individual) | |
| ID Autoridade | 16478 |
| Apelido | Peters |
| Nome | Tom |
| Datas | 1942- |
| 702 ## - Autor secundário (pessoa individual) | |
| ID Autoridade | 16479 |
| Apelido | Viegas |
| Nome | Pedro Luís |
| 801 ## - Fonte de origem | |
| País | PT |
| Agência | BMMN |
| Regras de catalogação | RPC |
| 830 ## - Notas gerais do catalogador | |
| Criado por | Vanda |
| 990 ## - Elementos KOHA | |
| Tipo de documento | Livro |
| Situação do levantamento | Biblioteca de origem | Código de barras | Cota | Permissão de empréstimo | Tipo de documento | Forma de aquisição |
|---|---|---|---|---|---|---|
| Biblioteca Municipal de Montemor-o-Novo | 29960 | 658 PET|DEP | Livro | Compra |